| Tag |
First Indicator |
Second Indicator |
Subfields |
| LEADER |
00000cam a2200000 a 4500 |
| 001 |
in00000028032 |
| 005 |
20151007055941.0 |
| 008 |
870904s1987 ii b 00110 eng |
| 010 |
|
|
|a 87902977
|
| 020 |
|
|
|a 8120801970 :
|c Rs175.00
|
| 025 |
|
|
|a I E 54998
|
| 035 |
|
|
|a (OCoLC)17804121
|
| 035 |
|
|
|9 AAB9721AM
|
| 040 |
|
|
|a DLC
|c DLC
|d TXA
|d UtOrBLW
|
| 041 |
0 |
|
|a eng
|a san
|
| 043 |
|
|
|a a-ii---
|
| 049 |
|
|
|a TXAM
|c [A11496960]
|
| 050 |
0 |
0 |
|a BL1226.2.S353
|b B47 1987
|
| 082 |
0 |
|
|a 294.5/38
|2 19
|
| 100 |
1 |
|
|a Bhat, M. S.
|q (Muralidhar Shrinivas),
|d 1927-
|
| 245 |
1 |
0 |
|a Vedic tantrism :
|b a study of R̥gvidhāna of Śaunaka with text and translation : critically edited in the original Sanskrit with an introductory study and translated with critical and exegetical notes /
|c M.S. Bhat.
|
| 264 |
|
1 |
|a Delhi :
|b Motilal Banarsidass,
|c 1987.
|
| 300 |
|
|
|a viii, 437 pages ;
|c 23 cm.
|
| 336 |
|
|
|a text
|b txt
|2 rdacontent
|
| 337 |
|
|
|a unmediated
|b n
|2 rdamedia
|
| 338 |
|
|
|a volume
|b nc
|2 rdacarrier
|
| 500 |
|
|
|a English and Sanskrit.
|
| 504 |
|
|
|a Bibliography: pages [419]-421.
|
| 500 |
|
|
|a Includes indexes.
|
| 600 |
0 |
0 |
|a Śaunaka.
|t R̥gvidhāna.
|
| 650 |
|
0 |
|a Hinduism
|x Rituals.
|
| 650 |
|
0 |
|a Vedas
|x Rites and ceremonies.
|
| 700 |
0 |
2 |
|a Śaunaka.
|t R̥gvidhāna.
|f 1987.
|
| 999 |
|
|
|a MARS
|
| 999 |
f |
f |
|s ed267116-a197-3804-a223-5f5ffb9ae678
|i 2ee12367-9721-354a-8935-c39ede3d4d90
|t 0
|
| 952 |
f |
f |
|p ric
|a Texas A&M University
|b Rellis Campus
|c Joint Library Facility
|d Remote Storage
|t 0
|e BL1226.2 .S353 B47 1987
|h Library of Congress classification
|i unmediated -- volume
|m A14811496960
|
| 998 |
f |
f |
|a BL1226.2 .S353 B47 1987
|t 0
|l Remote Storage
|